Movies Quiz

Random Movies or Africa Quiz

Movies Set in Africa Quiz Stats

 Plays Quiz Updated Jan 6, 2016

Challenge
Share
Tweet
Score 0/28 Timer 07:00
1 Play Today
% Correct
Cleopatra
95.8%
Madagascar
91.9%
Raiders of the Lost Ark
89.3%
The Lion King
88.6%
The Mummy
85.5%
Casablanca
77.2%
Coming to America
72.6%
Invictus
70.6%
Out of Africa
70.3%
The Last King of Scotland
65.8%
Black Hawk Down
65.7%
Hotel Rwanda
63%
Gorillas in the Mist
61%
District 9
55.7%
% Correct
Blood Diamond
52.5%
The Ten Commandments
51%
The English Patient
50.6%
The African Queen
50.3%
The Gods Must be Crazy
46.1%
Zulu
39.4%
Sahara
30.2%
The Constant Gardener
26.2%
Ishtar
25.3%
Congo
22.5%
Tears of the Sun
16.6%
The Flight of the Phoenix
16.3%
The Ghost and the Darkness
11.9%
The Battle of Algiers
5.4%

You're not logged in!

Compare scores with friends on all Sporcle quizzes.
OR
Log In

You Might Also Like...

Show Comments

Extras

Top Quizzes Today


Score Distribution

Your Account Isn't Verified!

In order to create a playlist on Sporcle, you need to verify the email address you used during registration. Go to your Sporcle Settings to finish the process.

Report this User

Report this user for behavior that violates our Community Guidelines.

Details: